Mergers, Restructing and Corporate Control (Record no. 663)

MARC details
000 -LEADER
fixed length control field 00433nam a22001697a 4500
005 - DATE AND TIME OF LATEST TRANSACTION
control field 20180720105317.0
008 - FIXED-LENGTH DATA ELEMENTS--GENERAL INFORMATION
fixed length control field 160512b xxu||||| |||| 00| 0 eng d
020 ## - INTERNATIONAL STANDARD BOOK NUMBER
ISBN 81-203-1011-X
041 ## - LANGUAGE CODE
Language code of text/sound track or separate title eng
082 ## - DEWEY DECIMAL CLASSIFICATION NUMBER
Item number 1713
Classification number 658.162
100 ## - MAIN ENTRY--AUTHOR NAME
Personal name Weston, J. Fred and others
245 ## - TITLE STATEMENT
Title Mergers, Restructing and Corporate Control
260 ## - PUBLICATION, DISTRIBUTION, ETC. (IMPRINT)
Place of publication New Delhi
Name of publisher PHI,
Year of publication 1990
300 ## - PHYSICAL DESCRIPTION
Number of Pages 761p,
650 ## - SUBJECT ADDED ENTRY--TOPICAL TERM
Topical Term Management
942 ## - ADDED ENTRY ELEMENTS (KOHA)
Koha item type Books
Holdings
Lost status Damaged status Collection code Home library Current library Shelving location Date acquired Cost, normal purchase price Full call number Accession Number Koha item type
    Reference JRU Library   SHELF-30-H 12/05/2016 275.00 658.162 1713 Books
    MANAGEMENT JRU Library JRU Library SHELF-71-M 12/05/2016 350.00 658.162 1714 Books
    MANAGEMENT JRU Library JRU Library SHELF-71-M 12/05/2016 350.00 658.162 1715 Books
    MANAGEMENT JRU Library JRU Library SHELF-71-M 12/05/2016 350.00 658.162 1716 Books
    MANAGEMENT JRU Library JRU Library SHELF-71-M 12/05/2016 350.00 658.162 1717 Books
    MANAGEMENT JRU Library JRU Library SHELF-71-M 12/05/2016 350.00 658.162 1718 Books
    MANAGEMENT JRU Library JRU Library SHELF-71-M 12/05/2016 350.00 658.162 1719 Books